00396nam a2200121 a 4500008004100000020001500041050001500056100002200071245007000093246004700163260005500210350000900265120416s0000 ||||||||||||||||| || u a0852969376 aTL 586 Avi aMahapatra, Pravas10aAviation weather surveillance systemscedited by Pravas Mahapatra aadvanced radar and surface sensors you ... aHertsbThe Institute of Electrical Engineersc1999 a0.00